OT 2025 Gala 11 - Estadísticas

Estadísticas generales
  • Esta prueba ha sido intentada 47 veces
  • La puntuación promedio es 5 de 8
Estadísticas de respuestas
Concursante Cantante Real Canción % Correcto
Crespo Quevedo Columbia
100%
Cristina Rocío Jurado Punto de partida
81%
Grupal (Todos) Hombre G Voy a pasármelo bien
81%
Olivia Raye WHERE IS MY HUSBAND!
81%
Guillo Rist Shawn Mendes Wonder
68%
Claudia Arenas Stevie Wonder Overjoyed
45%
Guille Toledano Revólver El roce de tu piel
42%
Tinho Anastacia I'm outta love
29%
No se encontraron pruebas coincidentes
Distribución de puntuación
Porcentaje de gente con cada puntuación
Porcentaje por número respondido
Historial de tus puntuaciones
No has intentado esta prueba.